000 00849nam a2200217 a 4500
001 BRCA_2220
005 20190320203723.0
008 001023s1999 sp-#---###---#000-0#spa-#
020 _a8445324497
040 _aDLC
_cDLC
050 4 _aBL2560
_b.S2 1999
245 1 0 _aSantiago
_bSan Martín Pinario.
260 _aXunta de Galicia
_bConsellería de Cultura ; Comunicación Social e Turismo
_c1999
300 _a517 p.
_bil.
_c26 cm.
500 _aIncluye cronología del Monasterio de San Martín Pinario y cronología del Seminario Mayor
500 _aCatálogo de la exposición realizada en el Monasterio de San Martín Pinario (Santiago de Compostela), 27 de mayo - 31 diciembre, 1999
650 1 4 _aSantos
_vExposiciones
_xCulto
_96679
650 1 4 _aCulto
_vExposiciones
_xHistoria
_96680
653 0 _aSantiago, el Mayor, Santo
942 _2lcc
_cB
999 _c1973
_d1973